ბათუმის შოთა რუსთაველის სახელმწიფო უნივერსიტეტის ბიბლიოთეკა

მუჰაჯირი.(წ. 2) (ბიბ.ჩანაწერი № 49130)

000 -LEADER
fixed length control field 00683nam a2200241Ia 4500
001 - CONTROL NUMBER
control field 16040
003 - CONTROL NUMBER IDENTIFIER
control field GE_BSU
008 - FIXED-LENGTH DATA ELEMENTS--GENERAL INFORMATION
fixed length control field 181216s||||||||xx |||||||||||||| ||und||
040 ## - CATALOGING SOURCE
Transcribing agency GE_BSU
080 ## - UNIVERSAL DECIMAL CLASSIFICATION NUMBER
Universal Decimal Classification number 821.353.1-311.6
100 ## - MAIN ENTRY--PERSONAL NAME
Personal name ჯაყელი, ჯემალ
245 ## - TITLE STATEMENT
Title მუჰაჯირი.(წ. 2)
245 ## - TITLE STATEMENT
Remainder of title ისტორიული რომანი
245 ## - TITLE STATEMENT
Statement of responsibility, etc. რედ.გ.ფაღავა
260 ## - PUBLICATION, DISTRIBUTION, ETC.
Place of publication, distribution, etc. ბათუმი
260 ## - PUBLICATION, DISTRIBUTION, ETC.
Name of publisher, distributor, etc. აჭარა
260 ## - PUBLICATION, DISTRIBUTION, ETC.
Date of publication, distribution, etc. 1995
300 ## - PHYSICAL DESCRIPTION
Extent 196გვ.20სმ.
653 ## - INDEX TERM--UNCONTROLLED
Uncontrolled term ისტორიული რომანი
653 ## - INDEX TERM--UNCONTROLLED
Uncontrolled term მუჰაჯირი
942 ## - ADDED ENTRY ELEMENTS (KOHA)
Koha item type წიგნი
ეგზემპლარები
Withdrawn status Lost status Damaged status Not for loan Date acquired Barcode Date last seen Price effective from Koha item type
        2018-12-17 39702 2018-12-17 2018-12-17 წიგნი